000 00934nas a2200277 4500
001 BR8101392
003 BR-BrBNA
005 20231205084549.0
007 ta
008 230509b bl.|||p| |||| 00| 00por d
040 _aBR-BrBNA
_bpor
_cBiblioteca Nacional de Agricultura
041 _a(Pt)
072 _aF00; F60
100 1 _aRandi, A.M.
100 1 _aFelippe, G.M.
245 1 _aEfeito de temperatura, luz e reguladores de crescimento na germinacao de Stevia rebandiana Bert [Stevia]
246 1 _aEffects of temperature, light and growth regulators upon germination of Stevia rebandiana Bert
650 _aProducao vegetal
650 _aFisiologia vegetal
650 _aStevia
650 _aRegulador de crescimento
650 _aGerminacao
773 0 _tCiencia e Cultura (Brazil)
_xISSN 0009-6725
_g(Mar 1981), v. 33(3) p. 404-411
_wBR8101392
909 _a202311
_bLúcia
_c55
_dLúcia Elande
942 _2AGRIS
_n0
_cANA
999 _c105941
_d105941